00813 2200265 4500001002100000005001700021008004100038020002200079035002500101040001200126082002000138084002200158100002000180245011300200250001100313260004600324300003700370500001100407504003100418650003300449850001200482990001800494990001800512990001700530INLIS00000000000432920150811080816.0  a978-602-203-077-5 a0010-041500000001395 aYOPDYOG 223a658.4038011 a658.4038011 Hen T aHENTI Kresdiana aTransfer pengetahuan, kemampuan berinovasi dan kinerja organisasib: Suatu kajian empirisc/ Henti Kresdiana aCet. 1 aMalangbUniversitas Brawijaya Pressc2013 axiv, 146 cm.b: ilus.c; 23,5 cm aIndeks aBibliografi : hlm. 135-139 aManajemen - Sistem Informasi aYOPDYOG a12264-PD/B.15 a12265-PD/B.15 a1226-PD/B.15